Library Logo

Pioneer International University Library Catalogue

Investment issues in Asia and the Pacific rim / (Record no. 2142)

MARC details
000 -LEADER
fixed length control field 00797cam a2200169 a 4500
005 - DATE AND TIME OF LATEST TRANSACTION
control field 20250901165324.0
008 - FIXED-LENGTH DATA ELEMENTS--GENERAL INFORMATION
fixed length control field 951027s1995 nyua b 100 0 eng
010 ## - LIBRARY OF CONGRESS CONTROL NUMBER
LC control number 95047468
020 ## - INTERNATIONAL STANDARD BOOK NUMBER
International Standard Book Number 0379213559 (alk. paper)
050 00 - LIBRARY OF CONGRESS CALL NUMBER
Classification number HG5702 .I583 1995
Item number .I583 1995
082 00 - DEWEY DECIMAL CLASSIFICATION NUMBER
Classification number 332.6/73/095
Edition information 20
245 00 - TITLE STATEMENT
Title Investment issues in Asia and the Pacific rim /
Statement of responsibility, etc. edited by Carl J. Green and Thomas L. Brewer.
260 ## - PUBLICATION, DISTRIBUTION, ETC.
Place of publication, distribution, etc. New York :
Name of publisher, distributor, etc. Oceana Publications,
Date of publication, distribution, etc. c1995.
300 ## - PHYSICAL DESCRIPTION
Extent xiii, 278 p. :
Other physical details ill. ;
Dimensions 26 cm.
500 ## - GENERAL NOTE
General note "The product of a four-day symposium on 'An investment regime for APEC' held at Georgetown University in Washington, D.C., October 31-November 3, 1994, under the sponsorhip of the Program in Asian Law and Policy (ALPS) of Georgetown University Law Center"--Pref.
942 ## - ADDED ENTRY ELEMENTS (KOHA)
Source of classification or shelving scheme Dewey Decimal Classification
Holdings
Withdrawn status Lost status Source of classification or shelving scheme Damaged status Not for loan Home library Current library Shelving location Date acquired Total checkouts Full call number Barcode Date last seen Price effective from Koha item type
    Library of Congress Classification     Main Library Main Library   03/10/2021   HG5702 .I583 1995 PIU0006344 03/10/2021 03/10/2021 Books